ha-Ruaḥ be-ʻarve ha-naḥal / (Record no. 32792)
[ view plain ]
| 000 -LEADER | |
|---|---|
| fixed length control field | 00678cam a22002291 4500 |
| 001 - CONTROL NUMBER | |
| control field | he 67002393 |
| 003 - CONTROL NUMBER IDENTIFIER | |
| control field | DLC |
| 005 - DATE AND TIME OF LATEST TRANSACTION | |
| control field | 20260227111452.0 |
| 008 - FIXED-LENGTH DATA ELEMENTS--GENERAL INFORMATION | |
| fixed length control field | 840322s1965 is j 000 0 heb |
| 010 ## - LIBRARY OF CONGRESS CONTROL NUMBER | |
| LC control number | he 67002393 |
| 035 ## - SYSTEM CONTROL NUMBER | |
| System control number | (OCoLC)19150383 |
| 040 ## - CATALOGING SOURCE | |
| Original cataloging agency | DLC |
| Transcribing agency | MH |
| Modifying agency | DLC |
| 042 ## - AUTHENTICATION CODE | |
| Authentication code | premarc |
| 050 00 - LIBRARY OF CONGRESS CALL NUMBER | |
| Classification number | PZ90.H3 |
| Item number | G66 |
| 100 1# - MAIN ENTRY--PERSONAL NAME | |
| Personal name | Grahame, Kenneth, |
| Dates associated with a name | 1859-1932. |
| 245 13 - TITLE STATEMENT | |
| Title | ha-Ruaḥ be-ʻarve ha-naḥal / |
| Statement of responsibility, etc. | targum Yonatan Raṭosh. |
| 260 ## - PUBLICATION, DISTRIBUTION, ETC. | |
| Place of publication, distribution, etc. | [Tel Aviv] : |
| Name of publisher, distributor, etc. | Maḥbarot le-sifrut, |
| Date of publication, distribution, etc. | [1965] |
| 300 ## - PHYSICAL DESCRIPTION | |
| Extent | 256 p. : |
| Other physical details | ill. ; |
| Dimensions | 24 cm. |
| 500 ## - GENERAL NOTE | |
| General note | Translation of The wind in the willows. |
| 700 1# - ADDED ENTRY--PERSONAL NAME | |
| Personal name | Ratosh, Yonathan, |
| Dates associated with a name | 1908-1981. |
| 752 ## - ADDED ENTRY--HIERARCHICAL PLACE NAME | |
| Country or larger entity | Israel |
| City | Tel Aviv |
No items available.